<?xml version="1.0" encoding="UTF-8"?>
<record
    xmlns:xsi="http://www.w3.org/2001/XMLSchema-instance"
    xsi:schemaLocation="http://www.loc.gov/MARC21/slim http://www.loc.gov/standards/marcxml/schema/MARC21slim.xsd"
    xmlns="http://www.loc.gov/MARC21/slim">

  <leader>01344nam a2200265 a 4500</leader>
  <controlfield tag="001">68337</controlfield>
  <controlfield tag="003">BD-RjUL</controlfield>
  <controlfield tag="005">20211209081746.0</controlfield>
  <controlfield tag="008">170402s2011    enka     b    001 0 eng d</controlfield>
  <datafield tag="020" ind1=" " ind2=" ">
    <subfield code="a">9780470825617 (cloth)</subfield>
  </datafield>
  <datafield tag="035" ind1=" " ind2=" ">
    <subfield code="a">( BD-RjUL) 68547</subfield>
  </datafield>
  <datafield tag="040" ind1=" " ind2=" ">
    <subfield code="a">DLC</subfield>
    <subfield code="c">DLC</subfield>
    <subfield code="d">BD-RjUL</subfield>
    <subfield code="b">eng</subfield>
  </datafield>
  <datafield tag="041" ind1=" " ind2=" ">
    <subfield code="a">eng</subfield>
  </datafield>
  <datafield tag="082" ind1="0" ind2="0">
    <subfield code="a">621.384</subfield>
    <subfield code="2">23</subfield>
    <subfield code="b">MIM 2011</subfield>
  </datafield>
  <datafield tag="245" ind1="0" ind2="0">
    <subfield code="a">MIMO-OFDM wireless communications with MATLAB /</subfield>
    <subfield code="c">Yong Soo Cho ... [et al.].</subfield>
  </datafield>
  <datafield tag="260" ind1=" " ind2=" ">
    <subfield code="a">Singapore ;</subfield>
    <subfield code="a">Hoboken, NJ :</subfield>
    <subfield code="b">IEEE Press :</subfield>
    <subfield code="b">J. Wiley &amp; Sons (Asia),</subfield>
    <subfield code="c">c2010 [Reprinted 2011].</subfield>
  </datafield>
  <datafield tag="300" ind1=" " ind2=" ">
    <subfield code="a">xiv, 439 p. :</subfield>
    <subfield code="b">ill. ;</subfield>
    <subfield code="c">26 cm.</subfield>
  </datafield>
  <datafield tag="504" ind1=" " ind2=" ">
    <subfield code="a">Includes bibliographical references (p. [419]-429) and index.</subfield>
  </datafield>
  <datafield tag="505" ind1="0" ind2=" ">
    <subfield code="a">The wireless channel: propagation and fading -- SISO channel models -- MIMO channel models -- Introduction to OFDM -- Synchronization for OFDM -- Channel estimation -- PAPR reduction -- Inter-cell interference mitigation techniques -- MIMO: channel capacity -- Antenna diversity and space-time coding techniques -- Signal detection for spatially multiplexed MIMO systems -- Exploiting channel state information at the transmitter side -- Multi-user MIMO.</subfield>
  </datafield>
  <datafield tag="650" ind1=" " ind2="0">
    <subfield code="a">Orthogonal frequency division multiplexing.</subfield>
    <subfield code="9">202598</subfield>
  </datafield>
  <datafield tag="650" ind1=" " ind2="0">
    <subfield code="a">MIMO systems.</subfield>
    <subfield code="9">202599</subfield>
  </datafield>
  <datafield tag="700" ind1="1" ind2=" ">
    <subfield code="a">Cho, Yong Soo.</subfield>
    <subfield code="9">202600</subfield>
  </datafield>
  <datafield tag="942" ind1=" " ind2=" ">
    <subfield code="2">ddc</subfield>
    <subfield code="c">BK</subfield>
  </datafield>
  <datafield tag="999" ind1=" " ind2=" ">
    <subfield code="c">68337</subfield>
    <subfield code="d">68337</subfield>
  </datafield>
  <datafield tag="952" ind1=" " ind2=" ">
    <subfield code="0">0</subfield>
    <subfield code="1">0</subfield>
    <subfield code="2">ddc</subfield>
    <subfield code="4">0</subfield>
    <subfield code="7">1</subfield>
    <subfield code="8">NFIC</subfield>
    <subfield code="a">RUCL</subfield>
    <subfield code="b">RUCL</subfield>
    <subfield code="c">Reading</subfield>
    <subfield code="d">2013-06-26</subfield>
    <subfield code="e">Paragon Ent.</subfield>
    <subfield code="g">11500.00</subfield>
    <subfield code="l">0</subfield>
    <subfield code="o">621.384 MIM 2011</subfield>
    <subfield code="r">2017-04-02 00:00:00</subfield>
    <subfield code="t">C-1</subfield>
    <subfield code="w">2017-04-02</subfield>
    <subfield code="y">BK</subfield>
  </datafield>
</record>
